George Clooney Movies! - Statistics

General Stats
  • This quiz has been taken 169 times
    12 since last reset
  • The average score is 12 of 77
Answer Stats
Year Movie % Correct
2001 Ocean's Eleven
86%
2007 Ocean's Thirteen
86%
2004 Ocean's Twelve
86%
2000 O Brother, Where Art Thou?
71%
2014 The Monuments Men
71%
2013 Gravity
57%
2005 Syriana
57%
2011 The Descendants
57%
1997 Batman and Robin
43%
2008 Burn After Reading
43%
2007 Michael Clayton
43%
1998 Out of Sight
43%
2010 The American
43%
1996 From Dusk Till Dawn
29%
2005 Good Night, and Good Luck
29%
2003 Intolerable Cruelty
29%
2008 Leatherheads
29%
1996 One Fine Day
29%
2002 Solaris
29%
2023 The Flash
29%
1997 The Peacemaker
29%
2000 The Perfect Storm
29%
1999 Three Kings
29%
2015 Tomorrowland
29%
2009 Up in the Air
29%
2009 Fantastic Mr. Fox
14%
2024 IF
14%
2009 The Men Who Stare at Goats
14%
2020 The Midnight Sky
14%
1998 The Thin Red Line
14%
2022 Ticket to Paradise
14%
2012 8
0%
2014 Annie
0%
2012 Argo
0%
2006 A Scanner Darkly
0%
2013 August: Osage County
0%
1986 Combat Academy
0%
2002 Confessions of A Dangerous Mind
0%
2004 Criminal
0%
2007 Darfur Now
0%
2002 Far From Heaven
0%
1983 Grizzly II: Revenge
0%
2016 Hail, Caesar!
0%
2024 How to Build a Truth Engine
0%
2002 Insomnia
0%
2025 Jay Kelly
0%
1999 Kilroy
0%
2001 Mickey's Magical Christmas: Snowed in at the House of Mouse
0%
2016 Money Monster
0%
2015 Our Brand is Crisis
0%
2006 Pu-239
0%
1989 Red Surf
0%
1988 Return of the Killer Tomatoes
0%
1987 Return to Horror High
0%
2001 Rock Star
0%
2005 Rumor Has It...
0%
2007 Sand and Sorrow
0%
1999 South Park: Bigger, Longer and Uncut
0%
2001 Spy Kids
0%
2003 Spy Kids 3-D: Game Over
0%
2002 Starbuck Holger Meins
0%
2017 Suburbicon
0%
2020 The Art of Political Murder
0%
1999 The Book That Wrote Itself
0%
2023 The Boys in the Boat
0%
2006 The Good German
0%
1993 The Harvest
0%
2011 The Ides of March
0%
2009 The Informant!
0%
2005 The Jacket
0%
2009 The Playground
0%
2021 The Tender Bar
0%
1992 Unbecoming Age
0%
2002 Welcome to Collinwood
0%
2007 Wind Chill
0%
1993 Without Warning: Terror in the Towers
0%
2024 Wolfs
0%
No matching quizzes found
Score Distribution
Percent of People with Each Score
Percentile by Number Answered
Your Score History
You have not taken this quiz since the last reset